DIGITAL MAMMOGRAPHY / (Record no. 798234)

MARC details
000 -LEADER
fixed length control field 00495pam a2200181 a 4500
020 ## - INTERNATIONAL STANDARD BOOK NUMBER
International Standard Book Number 0781741424
Terms of availability 5412.00
041 ## - LANGUAGE CODE
Language code of text/sound track or separate title eng
Language code of original NULL
082 ## - DEWEY DECIMAL CLASSIFICATION NUMBER
Classification number 618.1907572
Item number PIS/YAF
100 ## - MAIN ENTRY--PERSONAL NAME
Personal name PISANO, E .
245 ## - TITLE STATEMENT
Title DIGITAL MAMMOGRAPHY /
Statement of responsibility, etc. NULL.
Medium Textual Documents
260 ## - PUBLICATION, DISTRIBUTION, ETC.
Place of publication, distribution, etc. NULL :
Name of publisher, distributor, etc. LIPPINCOTT WILLIAMS & WILKINS ,
Date of publication, distribution, etc. 2004.
300 ## - PHYSICAL DESCRIPTION
Extent 231 :
Other physical details X ;
Dimensions A4 .
365 ## - TRADE PRICE
Price type code 5412.00
650 ## - SUBJECT ADDED ENTRY--TOPICAL TERM
Topical term or geographic name entry element OBST.GYNE
700 ## - ADDED ENTRY--PERSONAL NAME
Personal name YAFFE, M .
-- KUZMIAK, C .
930 ## - EQUIVALENCE OR CROSS-REFERENCE-UNIFORM TITLE HEADING [LOCAL, CANADA]
Uniform title 3700
Holdings
Withdrawn status Lost status Damaged status Not for loan Home library Current library Date acquired Cost, normal purchase price Total Checkouts Full call number Barcode Date due Date last seen Date last checked out Copy number Price effective from Koha item type
        Medical College & Hospital, Sangli Medical College & Hospital, Sangli 28/11/2011 5412.00 1 618.1907572 PIS/YAF MCS-8125 01/10/2043 06/10/2023 06/10/2023 1 26/07/2023 Book